Statistics for Clue Board Game - Map Quiz

Click here to take the quiz!

General Stats

  • This quiz has been taken 1,756 times
  • The average score is 16 of 22

Answers on the Map

Answers color-coded by a green-red scale on the quiz's map according to % correct below.
 

Answer Stats

Answer% Correct
Kitchen
94%
Revolver
87%
Dagger
84%
Rope
83%
Colonel Mustard
81%
Mr. Green
80%
Miss Scarlet
79%
Mrs. White
76%
Dining Room
74%
Professor Plum
74%
Candlestick
73%
Library
71%
Lounge
71%
Hall
70%
Mrs. Peacock
67%
Lead Pipe
65%
Study
63%
Ballroom
60%
Billiard Room
56%
Mr. Boddy
56%
Conservatory
55%
Wrench
53%

Score Distribution

Percentile by Number Answered

Percent of People with Each Score

Your Score History

You have not taken this quiz